000 00387nam a2200145 i 4500
001 bg
100 1 _aWiśniewski, Krzysztof.
245 1 0 _aSamochody osobowe :
_bopisy techniczne i dane regulacyjne.
_nCz. 2 /
_cK. Wiśniewski.
260 _aWarszawa,
_c1987.
650 9 _aSamochody osobowe
040 _cBPK
041 _apol
942 _cKS
008 s pl f |000 0 pol
999 _c3451
_d3451
856 _uhttp://koha.tu.koszalin.pl/cgi-bin/koha/opac-detail.pl?biblionumber=3451
_yKatalog online BPK